Modeling and Neural Control of Quadrotor Helicopter / (Record no. 594319)
[ view plain ]
| 000 -LEADER | |
|---|---|
| fixed length control field | 00311nam a22001097a 4500 |
| 020 ## - INTERNATIONAL STANDARD BOOK NUMBER | |
| International Standard Book Number | 9783838392981 |
| 100 ## - MAIN ENTRY--PERSONAL NAME | |
| Personal name | Khan, Yasir Amir |
| 245 ## - TITLE STATEMENT | |
| Title | Modeling and Neural Control of Quadrotor Helicopter / |
| Statement of responsibility, etc. | Yasir Amir Khan |
| 260 ## - PUBLICATION, DISTRIBUTION, ETC. | |
| Place of publication, distribution, etc. | USA, |
| Name of publisher, distributor, etc. | Lambert, |
| Date of publication, distribution, etc. | 2010. |
| 300 ## - PHYSICAL DESCRIPTION | |
| Extent | 65p. ; |
| Other physical details | Paperback |
| 942 ## - ADDED ENTRY ELEMENTS (KOHA) | |
| Source of classification or shelving scheme | |
| Koha item type | Book |
| Withdrawn status | Lost status | Source of classification or shelving scheme | Damaged status | Not for loan | Permanent Location | Current Location | Shelving location | Date acquired | Full call number | Barcode | Date last seen | Price effective from | Koha item type |
|---|---|---|---|---|---|---|---|---|---|---|---|---|---|
| School of Mechanical & Manufacturing Engineering (SMME) | School of Mechanical & Manufacturing Engineering (SMME) | Aerospace Engineering | 03/27/2023 | 629.2 AMI | SMME-4057 | 03/27/2023 | 03/27/2023 | Book |
